The Girl Who Kicked the Hornets' Nest (Record no. 533613)
[ view plain ]
| 000 -LEADER | |
|---|---|
| fixed length control field | 00264nam a22001217a 4500 |
| 020 ## - INTERNATIONAL STANDARD BOOK NUMBER | |
| International Standard Book Number | 184916343X |
| 040 ## - CATALOGING SOURCE | |
| Transcribing agency | dlc |
| 082 ## - DEWEY DECIMAL CLASSIFICATION NUMBER | |
| Classification number | 839.738 |
| 100 ## - MAIN ENTRY--PERSONAL NAME | |
| Personal name | Stieg Larsson |
| 9 (RLIN) | 27570 |
| 245 ## - TITLE STATEMENT | |
| Title | The Girl Who Kicked the Hornets' Nest |
| 300 ## - PHYSICAL DESCRIPTION | |
| Extent | 822p |
| 942 ## - ADDED ENTRY ELEMENTS (KOHA) | |
| Source of classification or shelving scheme | |
| Koha item type | Book |
| Withdrawn status | Lost status | Source of classification or shelving scheme | Damaged status | Not for loan | Permanent Location | Current Location | Date acquired | Total Checkouts | Full call number | Barcode | Date last seen | Date last checked out | Price effective from | Koha item type |
|---|---|---|---|---|---|---|---|---|---|---|---|---|---|---|
| School of Civil and Environmental Engineering (SCEE) | School of Civil and Environmental Engineering (SCEE) | 01/14/2020 | 2 | 839.738 | NIT-9211 | 02/22/2021 | 11/19/2020 | 01/14/2020 | Book |
